| 000 | 00605nam a2200205 i 4500 | ||
|---|---|---|---|
| 001 | 80568 | ||
| 003 | ES-MaACL | ||
| 005 | 20250712031715.0 | ||
| 007 | t| | ||
| 008 | 041028s1966 sp ||||1| spa d | ||
| 080 | _a396 | ||
| 100 | 1 |
_aHoesl, Paula. _963928 |
|
| 245 | 1 | 0 |
_aMi vida de mujer / _cPaula Hoesl ; versión castellana de Fernando Gutiérrez. |
| 260 |
_aBarcelona : _bHerder, _c1966. |
||
| 300 |
_a186 p. ; _c18 cm. |
||
| 650 | 4 |
_aMujeres- _xSituación social- _yS.XX. _9167814 |
|
| 700 | 1 |
_aGutiérrez, Fernando, _d1911-1984 _9156260 |
|
| 852 | 4 |
_aES-MaACL _jC-30043 |
|
| 999 |
_c80568 _d80568 |
||